| 000 | 00681nam a2200181Ia 4500 | ||
|---|---|---|---|
| 008 | 151202s9999||||xx |||||||||||||| ||und|| | ||
| 082 | _bPNVM-48881 | ||
| 100 | _aलिमये रामचंद्र. | ||
| 245 | _aअक्षर सुंदर अक्षर. | ||
| 260 | _b"लिमये कुल विश्वस्त निध्ी करिता,पुणे." | ||
| 260 | _c0 | ||
| 300 | _a40 | ||
| 600 | _aलिमये रामचंद्र. | ||
| 630 | _aअक्षर सुंदर अक्षर. | ||
| 700 | _aलिमये रामचंद्र. | ||
| 730 | _aअक्षर सुंदर अक्षर. | ||
| 942 | _cBOOK | ||
| 999 |
_c1314818 _d1314815 |
||